Statistics for Foods That Start With C

Click here to take the quiz!

General Stats

  • This quiz has been taken 73 times
    (53 since last reset)
  • The average score is 9 of 15

Answer Stats

HintAnswer% Correct
Orange VegetableCarrot
96%
Desert at a Birthday PartyCake
90%
Popular Morning DrinkCoffee
82%
Fried SquidCalamari
78%
Famous CheeseCheddar
76%
PoultryChicken
76%
Tropical Fruit with brown ShellCoconut
76%
You Make Pickles out of ThemCucumber
74%
Crescent-shaped NutCashew
68%
Edible CrustaceanCrab
54%
Sticky, Brown CandyCaramel
44%
Small, Round FruitCherry
34%
Garbonzo BeansChickpea
32%
White Vegetable that Reproduces by SeedCauliflower
22%
Flowering Plant in the Mint FamilyChia
0%

Score Distribution

Percentile by Number Answered

Percent of People with Each Score

Your Score History

You have not taken this quiz since the last reset